000 00286nam a22001217a 4500
008 170620b xxu||||| |||| 00| 0 eng d
041 _aeng
080 _a324
100 _a20
101 _aSHP
245 _aWESTERN CIVILIZATION IDEAS POLITICS SOCIETY
_cCHASE,P
942 _2udc
_cBK
999 _c18307
_d18307